000 01643nam a22002537a 4500
999 _c63109
_d63109
003 Ge_BSU
005 20250604104355.0
008 250604s2018 ge ||||| |||| 00| 0 geo d
020 _a9789941476778
041 _ageo
080 _a51(072) მ-15
245 _aმათემატიკა : მე-5 კლასი :
_b მასწავლებლის წიგნი /
_cგურამ გოგიშვილი, თეიმურაზ ვეფხვაძე, ია მებონია, ლამარა ქურჩიშვილი; რედაქტორი თეიმურაზ ვეფხვაძე.
264 _aთბილისი :
_bინტელექტი,
_c2018.
300 _a286 გვ. ;
_b29 სმ.
500 _aგრიფი მიენიჭა საქართველოს განათლების, მეცნიერების, კულტურისა და სპორტის სამინისტროს მიერ 2018 წლის 24 ივლისს, ბრძანება #25
504 _aბიბლიოგრაფია: გვ. 285.
653 _aმათემატიკა
700 _aგოგიშვილი, გურამ
_eავტორი
_95601
700 _aვეფხვაძე, თ.
_eავტორი
_925236
700 _aმებონია, ია
_eავტორი
_95603
700 _aქურჩიშვილი, ლამარა
_eავტორი
_925237
700 _aვეფხვაძე, თ.
_eრედაქტორი
_925236
942 _2udc
_cᲬᲘᲒᲜᲘ